000 00911nam a2200289 a 4500
001 61685
003 BD-RjUL
005 20211209081006.0
008 170121s1984 enka b 001 0 eng
020 _a0070235317 :
_c$26.95 (est.)
035 _a(BD-RjUL)61809
040 _aDLC
_cDLC
_dBD-RjUL
_beng
041 _aeng
082 0 0 _a658.4012
_223
_bGLB 1984
100 1 _aGlueck, William F.
_9182897
245 1 0 _aBusiness policy and strategic management /
_cWilliam F. Glueck, Lawrence R. Jauch.
250 _a4th ed.
260 _aNew York :
_bMcGraw-Hill,
_cc1984.
300 _axix, 875 p. :
_bill. ;
_c24 cm.
504 _aIncludes bibliographical references and index.
650 0 _aBusiness planning.
_9175243
700 1 _aJauch, Lawrence R.
_9183721
740 0 _aStrategic management.
942 _2ddc
_cBK
999 _c61685
_d61685